00421nam a2200133Ia 4500008004100000041001200041100001500053245005100068260000600119650000600125942000700131999001700138952013200155221030s9999 xx 000 0 und d aEnglish aJ. M. Duff 0aDesigning Interactive Web Sitescby J. M. Duff c0 aB cBK c14598d14598 pB 5880l0r2022-10-30 00:00:00w2022-10-30yBK003Print4070aMIETLIBbMIETLIBcBL-, FL-, CUP-0, SH-0, R-0d2012-12-0710HBE